000 01195nam0a2200313 i 4500
001 RU\NLR\bibl\1988084
005 20260409080643.0
010 _a978-5-93943-181-1
_9800
021 _aRU
_b2012-98370
_97269
035 _a(NLR Aleph) 001976659
090 _a4031412
_c4031412
100 _a20130117d2012 u y0rusy50 ca
101 0 _arus
_agol
102 _aRU
105 _ay |||||||||
200 1 _aЕвангелие от Луки
_eна нанайском языке с параллельным русским Синодальным переводом
210 _aМосква
_cИнститут перевода Библии
_d2012
215 _a179, [8] с.
_cил., карт.
_d20
500 _8rus
_aБиблия
_iН.З
_iЕвангелие от Луки
_7ca
_3RU\NLR\auth\553149
_92631085
605 _aБиблия
_iНовый Завет
_iЕвангелие от Луки
_92079121
_3RU\NLR\AUTH\661254994
686 2 _aЭ37-220.911.33
801 0 _aRU
_bNLR
_c20130117
_gRCR
801 1 _aRU
_bNLR
_c20130117
852 _aNLR
_bОНЛ
_jНанай./2-49
942 _cBOOK
980 _aNBR